Self managing teams : (Record no. 3361)

000 -LEADER
fixed length control field nam a22 7a 4500
005 - DATE AND TIME OF LATEST TRANSACTION
control field 20170522122239.0
008 - FIXED-LENGTH DATA ELEMENTS--GENERAL INFORMATION
fixed length control field 170522b1990 cau||||| |||| 00| 0 eng d
020 ## - INTERNATIONAL STANDARD BOOK NUMBER
International Standard Book Number 1560520000 :
Terms of availability $7.95
040 ## - CATALOGING SOURCE
Original cataloging agency AKMAL
082 ## - DEWEY DECIMAL CLASSIFICATION NUMBER
Classification number 658.402 HIC
090 ## - LOCALLY ASSIGNED LC-TYPE CALL NUMBER (OCLC); LOCAL CALL NUMBER (RLIN)
Classification number (OCLC) (R) ; Classification number, CALL (RLIN) (NR) 658.402
Local cutter number (OCLC) ; Book number/undivided call number, CALL (RLIN) HIC
100 1# - MAIN ENTRY--PERSONAL NAME
Personal name Hicks, Robert,
Dates associated with a name Ph. D.
9 (RLIN) 6808
245 10 - TITLE STATEMENT
Title Self managing teams :
Remainder of title a guide for creating and maintaining self-managed work groups /
Statement of responsibility, etc. Robert Hicks, Diane Bone.
260 ## - PUBLICATION, DISTRIBUTION, ETC.
Place of publication, distribution, etc. Los Altos, Calif. :
Name of publisher, distributor, etc. Crisp Publications,
Date of publication, distribution, etc. c1990
300 ## - PHYSICAL DESCRIPTION
Extent 92 p. :
Other physical details ill. ;
Dimensions 26 cm
599 ## - LOCAL NOTE
Local Note DALAM PROSES
650 #0 - SUBJECT ADDED ENTRY--TOPICAL TERM
Topical term or geographic name entry element Self-directed work teams.
9 (RLIN) 6603
700 1# - ADDED ENTRY--PERSONAL NAME
Personal name Bone, Diane.
9 (RLIN) 6604
942 ## - ADDED ENTRY ELEMENTS (KOHA)
Source of classification or shelving scheme
Koha item type Book
Holdings
Withdrawn status Lost status Source of classification or shelving scheme Damaged status Not for loan Collection code Home library Current library Shelving location Date acquired Inventory number Total Checkouts Full call number Barcode Date last seen Price effective from Koha item type
          NON-FICTION AKMAL Melaka AKMAL Melaka PINJAMAN 22.05.2017 602330   658.402 HIC 201704175 22.05.2017 22.05.2017 Book
Pusat Sumber Maklumat Dato' Haji Sarmin Md Hussin, Akademi Kastam Diraja Malaysia, Melaka
Tel: 06-2331106 | Faks: 06-2313787